|
|
|
|
| LEADER |
00999nam a22002537a 4500 |
| 001 |
AAL7994 |
| 003 |
BD-DhAAL |
| 005 |
20160305182443.0 |
| 008 |
160305s 2005bg ||||| b||| 00| 0 ben d |
| 020 |
|
|
|a 9840744909
|
| 040 |
|
|
|a BD-DhAAL
|c BD-DhAAL
|
| 082 |
|
|
|a 190
|
| 100 |
|
|
|a মাসুম, আবদুল লতিফ
|9 18350
|
| 245 |
|
|
|a পাশ্চাত্য রাষ্ট্রদর্শন :
|b প্রাচীন যুগ /
|c আবদুল লতিফ মাসুম
|
| 250 |
|
|
|a 1st ed.
|
| 260 |
|
|
|a ঢাকা :
|b বাংলা একাডেমী,
|c ২০০৫
|
| 300 |
|
|
|a ২১৩ পৃ. ;
|c ২২ সে.মি.
|
| 504 |
|
|
|6 Includes bibliographies
|
| 541 |
|
|
|e 7994
|
| 650 |
|
|
|a Western philosophy
|9 18351
|
| 852 |
|
|
|a Savar Campus Library
|c General Shelf
|
| 942 |
|
|
|2 ddc
|c BK
|
| 999 |
|
|
|c 37039
|d 37039
|
| 952 |
|
|
|0 0
|1 0
|2 ddc
|4 0
|6 190_000000000000000_MAS
|7 0
|9 58283
|a SCL
|b SCL
|c GEN
|d 2016-03-05
|g 100.00
|l 0
|o 190 MAS
|p 3020007994
|r 2016-03-05
|t 1
|w 2016-03-05
|y BK
|